[Event "Hastings Challengers 1995/96"]
[Site "Hastings"]
[Date "1996.01.01"]
[Round "5"]
[White "Mortensen, Erling"]
[Black "Moss, Robin BW"]
[Result "1-0"]
[WhiteElo "2430"]
[BlackElo "2265"]
[PlyCount "111"]
[EventDate "1995.12.28"]
[EventType "swiss"]
[EventRounds "11"]
[EventCountry "ENG"]
[SourceTitle "BritBase"]
[Source "John Saunders"]
[SourceDate "2025.01.31"]
[SourceVersion "1"]
[SourceVersionDate "2025.01.31"]
[SourceQuality "1"]

1. e4 c5 2. Nf3 e6 3. d4 cxd4 4. Nxd4 Nc6 5. Nc3 Qc7 6. Be3 a6 7. Bd3 Nf6 8. O-O Ne5 9. h3 Bc5 10. Kh1 d6 11. f4 Ned7 12. Qe2 b5 13. Rae1 Bb7 14. Bf2 Qb6 15. Nb3 Bxf2 16. Rxf2 O-O 17. a3 Rac8 18. Kh2 Rxc3 19. bxc3 Nxe4 20. Rf3 f5 21. c4 bxc4 22. Bxc4 d5 23. Bd3 e5 24. g3 Kh8 25. Rff1 Qd6 26. fxe5 Qxe5 27. Qe3 Rc8 28. Qf4 Qb2 29. Re2 Qxa3 30. Qxf5 Ndf6 31. Nd4 Qd6 32. Qf4 Qd7 33. Nf5 Rd8 34. Ree1 a5 35. Rb1 a4 36. Bb5 Bc6 37. Bd3 Bb7 38. Nd4 a3 39. Rb3 Ra8 40. Ra1 a2 41. Rb2 Rf8 42. Raxa2 Bc8 43. Bf1 Nxg3 44. Qxg3 Ne4 45. Qe1 Rxf1 46. Qxf1 Qd6+ 47. Kg1 Qg3+ 48. Qg2 Qe3+ 49. Kh1 Qc1+ 50. Qg1 Nf2+ 51. Kg2 Qe3 52. Qxf2 Qxh3+ 53. Kg1 Qg4+ 54. Kf1 Qd1+ 55. Kg2 Qg4+ 56. Qg3 1-0

[Event "Hastings Challengers 1995/96"]
[Site "Hastings"]
[Date "1996.01.01"]
[Round "5"]
[White "Pert, Nicholas"]
[Black "Wood, David A"]
[Result "0-1"]
[WhiteElo "2160"]
[BlackElo "2285"]
[PlyCount "92"]
[EventDate "1995.12.28"]
[EventType "swiss"]
[EventRounds "11"]
[EventCountry "ENG"]
[SourceTitle "BritBase"]
[Source "John Saunders"]
[SourceDate "2025.01.31"]
[SourceVersion "1"]
[SourceVersionDate "2025.01.31"]
[SourceQuality "1"]

1. d4 Nf6 2. Nf3 g6 3. g3 Bg7 4. Bg2 O-O 5. O-O d6 6. c4 Nbd7 7. Nc3 e5 8. e4 c6 9. h3 Qb6 10. c5 dxc5 11. dxe5 Ne8 12. e6 fxe6 13. Ng5 Ne5 14. f4 h6 15. fxe5 Rxf1+ 16. Bxf1 hxg5 17. Bc4 Qc7 18. Kg2 b5 19. Bd3 Qxe5 20. Be3 Nd6 21. Qe2 Nf7 22. Rd1 Bb7 23. Bc2 Re8 24. Rd7 Bc8 25. Rxa7 c4 26. Qf3 Qf6 27. Qxf6 Bxf6 28. Rc7 Ne5 29. Ne2 Nd3 30. b3 Be5 31. Bxd3 cxd3 32. Rxc6 dxe2 33. Kf2 Bb7 34. Rc5 Bxg3+ 35. Kxe2 Bf4 36. Bxf4 gxf4 37. Kf3 e5 38. Rxb5 Bc8 39. h4 Kf7 40. a4 Kf6 41. a5 Ba6 42. Rc5 Rc8 43. Rd5 Rc3+ 44. Kf2 Ke6 45. b4 Bb7 46. Rd2 Rb3 0-1

[Event "Hastings Challengers 1995/96"]
[Site "Hastings"]
[Date "1996.01.01"]
[Round "5"]
[White "Schmedders, Hans Gerd"]
[Black "Gottschlich, Carsten"]
[Result "1/2-1/2"]
[WhiteElo "2310"]
[BlackElo "2170"]
[PlyCount "42"]
[EventDate "1995.12.28"]
[EventType "swiss"]
[EventRounds "11"]
[EventCountry "ENG"]
[SourceTitle "BritBase"]
[Source "John Saunders"]
[SourceDate "2025.01.31"]
[SourceVersion "1"]
[SourceVersionDate "2025.01.31"]
[SourceQuality "1"]

1. e4 c5 2. Nf3 Nc6 3. c3 d5 4. exd5 Qxd5 5. d4 cxd4 6. cxd4 Bg4 7. Nc3 Bxf3 8. gxf3 Qxd4 9. Qxd4 Nxd4 10. Nb5 Nc2+ 11. Kd1 Nxa1 12. Nc7+ Kd7 13. Nxa8 g6 14. Be3 Bh6 15. Bxa7 Nf6 16. Bb5+ Kd6 17. Nb6 Rd8 18. Ke2 Nc2 19. Rd1+ Kc7 20. Rxd8 Kxd8 21. Nc4 Bf4 1/2-1/2

[Event "Hastings Challengers 1995/96"]
[Site "Hastings"]
[Date "1996.01.01"]
[Round "5"]
[White "Dodgson, John A"]
[Black "Heinzel, Olaf"]
[Result "0-1"]
[WhiteElo "2240"]
[BlackElo "2310"]
[PlyCount "188"]
[EventDate "1995.12.28"]
[EventType "swiss"]
[EventRounds "11"]
[EventCountry "ENG"]
[SourceTitle "Denman Collection"]
[Source "Brian Denman"]
[SourceDate "2023.11.29"]
[SourceVersion "1"]
[SourceVersionDate "2023.11.29"]
[SourceQuality "1"]

1. Nf3 d5 2. g3 Bg4 3. Bg2 Nd7 4. O-O Ngf6 5. d3 e6 6. Nbd2 Bc5 7. h3 Bh5 8. e4 c6 9. Qe2 Qc7 10. e5 Ng8 11. d4 Bxf3 12. Nxf3 Bb6 13. c3 c5 14. Bd2 Ne7 15. a4 a6 16. b4 cxb4 17. cxb4 Nc6 18. Rac1 Qb8 19. Qd3 Qa7 20. Bc3 h6 21. Qd2 Bd8 22. b5 axb5 23. axb5 Na5 24. Ra1 Qb6 25. Qd3 Qc7 26. Nd2 O-O 27. Bb4 Re8 28. Rfc1 Qb8 29. Rc2 b6 30. Bd6 Qa7 31. f4 Nf8 32. Kh2 Qd7 33. Rac1 Ra7 34. f5 Nb7 35. fxe6 fxe6 36. Bb4 Na5 37. Bf3 Be7 38. Bxa5 Rxa5 39. Bh5 Rea8 40. Rc7 Qd8 41. Qf3 R5a7 42. Bf7+ Kh8 43. R7c6 Ra2 44. R1c2 Rxc2 45. Rxc2 Qd7 46. Qd3 Ra5 47. Rc6 Bb4 48. Bh5 Ra2 49. Rc2 Rxc2 50. Qxc2 Qxb5 51. Nb3 Qc4 52. Bd1 Kg8 53. h4 Bc3 54. Qf2 Qb4 55. Kg2 Be1 56. Qe3 Qc3 57. Qxc3 Bxc3 58. Kf3 Ng6 59. Bc2 Kf7 60. Bd3 Ne7 61. g4 h5 62. gxh5 Nc6 63. Ke3 Be1 64. Bb5 Ne7 65. Bd3 Bxh4 66. Kd2 Ng8 67. Na1 Bf2 68. Nc2 Bh4 69. Kc3 Be7 70. Kb3 Ke8 71. Ka4 Kd7 72. Bb5+ Kc7 73. Be8 Nh6 74. Kb5 Bh4 75. Bg6 Bf2 76. Kb4 Ng4 77. Bf7 Kd7 78. Kc3 Nh2 79. Bg6 Nf3 80. Bd3 Ng5 81. Kd2 Bg1 82. Bg6 Nh3 83. Kc3 Nf4 84. Kd2 Nxg6 85. hxg6 Kc6 86. Kc3 Kb5 87. Ne1 Ka4 88. Nd3 Be3 89. Nb2+ Ka3 90. Nd3 b5 91. Nc5 b4+ 92. Kd3 b3 93. Nxb3 Kxb3 94. Kxe3 Kc3 {Source: probably J A Dodgson (Brian Denman Collection)} 0-1

[Event "Hastings Challengers 1995/96"]
[Site "Hastings"]
[Date "1996.01.02"]
[Round "6"]
[White "Avni, Amatzia"]
[Black "Schroeder, Wilfried"]
[Result "1/2-1/2"]
[WhiteElo "2360"]
[BlackElo "2245"]
[PlyCount "46"]
[EventDate "1995.12.28"]
[EventType "swiss"]
[EventRounds "11"]
[EventCountry "ENG"]
[SourceTitle "BritBase"]
[Source "John Saunders"]
[SourceDate "2025.01.31"]
[SourceVersion "1"]
[SourceVersionDate "2025.01.31"]
[SourceQuality "1"]

1. d4 d5 2. Nf3 e6 3. Nbd2 Nf6 4. e3 b6 5. Bd3 Bb7 6. O-O Be7 7. Qe2 Nbd7 8. e4 dxe4 9. Nxe4 Nxe4 10. Bxe4 Bxe4 11. Qxe4 O-O 12. Rd1 Nf6 13. Qe2 Qd5 14. c4 Qe4 15. Qxe4 Nxe4 16. Ne5 Rfe8 17. Be3 h6 18. Nc6 a5 19. a4 Bd6 20. f3 Nf6 21. Rac1 Kh7 22. b3 Kg8 23. Bf2 Kf8 1/2-1/2

[Event "Hastings Challengers 1995/96"]
[Site "Hastings"]
[Date "1996.01.02"]
[Round "6"]
[White "Bisby, Daniel L"]
[Black "Schmedders, Hans Gerd"]
[Result "1/2-1/2"]
[WhiteElo "2120"]
[BlackElo "2310"]
[PlyCount "20"]
[EventDate "1995.12.28"]
[EventType "swiss"]
[EventRounds "11"]
[EventCountry "ENG"]
[SourceTitle "BritBase"]
[Source "John Saunders"]
[SourceDate "2025.01.31"]
[SourceVersion "1"]
[SourceVersionDate "2025.01.31"]
[SourceQuality "1"]

1. e4 c6 2. d4 d5 3. e5 Bf5 4. Nc3 Qb6 5. Bd3 Bxd3 6. Qxd3 e6 7. Nge2 c5 8. dxc5 Bxc5 9. O-O Nd7 10. Na4 Qc7 1/2-1/2

[Event "Hastings Challengers 1995/96"]
[Site "Hastings"]
[Date "1996.01.02"]
[Round "6"]
[White "Cherniaev, Alexander"]
[Black "Kelly, Brian R"]
[Result "0-1"]
[WhiteElo "2450"]
[BlackElo "2300"]
[PlyCount "96"]
[EventDate "1995.12.28"]
[EventType "swiss"]
[EventRounds "11"]
[EventCountry "ENG"]
[SourceTitle "BritBase"]
[Source "John Saunders"]
[SourceDate "2025.01.31"]
[SourceVersion "1"]
[SourceVersionDate "2025.01.31"]
[SourceQuality "1"]

1. e4 c5 2. Nf3 e6 3. d4 cxd4 4. Nxd4 Nf6 5. Nc3 d6 6. f4 Nc6 7. Nf3 Qc7 8. Bd3 a6 9. O-O Be7 10. a3 O-O 11. Qe1 b5 12. b4 Bb7 13. Kh1 Rac8 14. Bb2 Nb8 15. e5 Nd5 16. Ne4 Nd7 17. Qg3 dxe5 18. Nxe5 N7f6 19. Ng5 h6 20. Qh3 Qb6 21. Rae1 Rc7 22. c4 bxc4 23. Nxc4 Qa7 24. Be5 Rd7 25. Bc2 Rdd8 26. Na5 Ba8 27. Nf3 Ne3 28. Bxf6 Bxf6 29. Rg1 Bc3 30. Re2 Nd5 31. Qg3 Bd4 32. Nxd4 Qxd4 33. Rf2 Nf6 34. Nb3 Qb6 35. Nc5 a5 36. f5 axb4 37. axb4 exf5 38. Rxf5 Rd2 39. b5 Rfd8 40. Bd3 Bd5 41. Rf2 Rxf2 42. Qxf2 Qd6 43. Rc1 Ra8 44. Na6 Bb7 45. Be2 Qe5 46. Rd1 Re8 47. Bf1 Ng4 48. Qg3 Qxg3 0-1

[Event "Hastings Challengers 1995/96"]
[Site "Hastings"]
[Date "1996.01.02"]
[Round "6"]
[White "Cooper, Lawrence"]
[Black "Holl, Hans Peter"]
[Result "1-0"]
[WhiteElo "2315"]
[BlackElo "2130"]
[PlyCount "51"]
[EventDate "1995.12.28"]
[EventType "swiss"]
[EventRounds "11"]
[EventCountry "ENG"]
[SourceTitle "BritBase"]
[Source "John Saunders"]
[SourceDate "2025.01.31"]
[SourceVersion "1"]
[SourceVersionDate "2025.01.31"]
[SourceQuality "1"]

1. e4 g6 2. d4 Bg7 3. Nc3 d6 4. Nf3 Nf6 5. h3 O-O 6. Be3 c6 7. a4 Nbd7 8. a5 e5 9. dxe5 dxe5 10. Qd6 Re8 11. Qa3 Bf8 12. Qa2 Nc5 13. Bc4 Qc7 14. Ng5 Ne6 15. O-O Nxg5 16. Bxg5 Nh5 17. Be3 Nf4 18. Rfd1 Kg7 19. Ne2 f6 20. Rd2 h5 21. c3 Nxe2+ 22. Bxe2 Kh7 23. Rad1 Kg7 24. b4 Kh7 25. Rd7+ Bxd7 26. Qf7+ 1-0

[Event "Hastings Challengers 1995/96"]
[Site "Hastings"]
[Date "1996.01.02"]
[Round "6"]
[White "Emms, John M"]
[Black "Straeter, Timo"]
[Result "1-0"]
[WhiteElo "2485"]
[BlackElo "2310"]
[PlyCount "69"]
[EventDate "1995.12.28"]
[EventType "swiss"]
[EventRounds "11"]
[EventCountry "ENG"]
[SourceTitle "BritBase"]
[Source "John Saunders"]
[SourceDate "2025.01.31"]
[SourceVersion "1"]
[SourceVersionDate "2025.01.31"]
[SourceQuality "1"]

1. e4 e6 2. d4 d5 3. Nd2 Nf6 4. Bd3 c5 5. e5 Nfd7 6. c3 b6 7. Ne2 Ba6 8. Bxa6 Nxa6 9. O-O Be7 10. Nf4 b5 11. Qg4 g6 12. h4 cxd4 13. cxd4 h5 14. Qe2 Bxh4 15. a4 Be7 16. axb5 Nc7 17. Nb3 Qb8 18. Na5 Qxb5 19. Qc2 Qb6 20. Nc6 Bc5 21. Nxg6 Rg8 22. Nf4 Qxc6 23. b4 Nb5 24. Be3 Rg4 25. bxc5 Nxd4 26. Bxd4 Rxf4 27. Rfd1 Rf5 28. Ra5 Nxe5 29. Re1 Qc7 30. Ra6 Kf8 31. Qxf5 exf5 32. Bxe5 Qd7 33. Rh6 f6 34. Bxf6 Qa4 35. Re7 1-0

[Event "Hastings Challengers 1995/96"]
[Site "Hastings"]
[Date "1996.01.02"]
[Round "6"]
[White "Flear, Glenn C"]
[Black "Mortensen, Erling"]
[Result "1-0"]
[WhiteElo "2495"]
[BlackElo "2430"]
[PlyCount "123"]
[EventDate "1995.12.28"]
[EventType "swiss"]
[EventRounds "11"]
[EventCountry "ENG"]
[SourceTitle "BritBase"]
[Source "John Saunders"]
[SourceDate "2025.01.31"]
[SourceVersion "1"]
[SourceVersionDate "2025.01.31"]
[SourceQuality "1"]

1. d4 Nf6 2. c4 g6 3. Nc3 Bg7 4. e4 d6 5. h3 O-O 6. Bg5 a6 7. Bd3 c5 8. d5 b5 9. Nf3 bxc4 10. Bxc4 Nbd7 11. O-O Nb6 12. Bd3 e6 13. dxe6 Bxe6 14. Qd2 Re8 15. Rad1 Qb8 16. Rfe1 d5 17. exd5 Nfxd5 18. Bh6 Bh8 19. Ng5 Nxc3 20. bxc3 Bd5 21. Be4 Bxe4 22. Nxe4 Qc7 23. Qd6 Qxd6 24. Rxd6 Nc4 25. Rxa6 Ne5 26. Rxa8 Rxa8 27. Nxc5 f5 28. Bf4 Nc4 29. Rb1 Be5 30. Bxe5 Nxe5 31. a4 Rc8 32. Rb5 Nc4 33. Nb7 Rb8 34. Nd6 Rxb5 35. Nxb5 Kf7 36. Kf1 Ke6 37. Ke2 Kd5 38. Nd4 Kc5 39. Ne6+ Kb6 40. Nf8 Nb2 41. Nxh7 Nxa4 42. Kd3 Kc6 43. Nf8 g5 44. Ne6 g4 45. Nd4+ Kd5 46. Nxf5 gxh3 47. Ne3+ Ke5 48. gxh3 Nc5+ 49. Kc4 Ne4 50. Ng4+ Kf4 51. Kd4 Ng5 52. Ne5 Nxh3 53. Nd3+ Kf5 54. Kd5 Ng5 55. c4 Ne4 56. c5 Nf6+ 57. Kd6 Ke4 58. Ne1 Ne8+ 59. Ke7 Nc7 60. c6 Kd5 61. Kd7 Na6 62. c7 1-0

[Event "Hastings Challengers 1995/96"]
[Site "Hastings"]
[Date "1996.01.02"]
[Round "6"]
[White "Gottschlich, Carsten"]
[Black "Muir, Andrew Joseph"]
[Result "1-0"]
[WhiteElo "2170"]
[BlackElo "2315"]
[PlyCount "145"]
[EventDate "1995.12.28"]
[EventType "swiss"]
[EventRounds "11"]
[EventCountry "ENG"]
[SourceTitle "BritBase"]
[Source "John Saunders"]
[SourceDate "2025.01.31"]
[SourceVersion "1"]
[SourceVersionDate "2025.01.31"]
[SourceQuality "1"]

1. c4 Nf6 2. Nf3 g6 3. g3 Bg7 4. Bg2 O-O 5. Nc3 d6 6. O-O Nbd7 7. Qc2 e5 8. Rb1 a5 9. a3 c6 10. d3 d5 11. cxd5 Nxd5 12. Nxd5 cxd5 13. Bg5 Qb6 14. Rfc1 a4 15. Be3 Qb5 16. Qc7 Re8 17. Bc5 b6 18. Ng5 e4 19. Be3 Be5 20. Qc2 Ba6 21. dxe4 d4 22. Bf4 Rac8 23. Qd2 Qxe2 24. Qb4 Bxf4 25. gxf4 Bc4 26. Bf3 Qd3 27. Rd1 Qc2 28. Rbc1 Qb3 29. Rxd4 Qxb4 30. axb4 Bb5 31. Rcd1 Nb8 32. e5 Nc6 33. Bxc6 Bxc6 34. b5 Bxb5 35. Ne4 Kg7 36. Nd6 Be2 37. Nxe8+ Rxe8 38. R1d2 Bf3 39. R2d3 Be2 40. Re3 Bb5 41. Rb4 Bd7 42. Rxb6 Be6 43. Ra6 Rb8 44. Rxa4 Rxb2 45. Rd4 Bc8 46. Kg2 Rb1 47. Rc3 Bf5 48. Rc7 Rb3 49. f3 Rb2+ 50. Kg3 Rb8 51. Rd6 Re8 52. Rb6 Be6 53. Rbb7 Ra8 54. Re7 Ra6 55. Rb8 Bf5 56. Rd8 Ra3 57. Rd6 Be4 58. Rdd7 Rxf3+ 59. Kg4 Rf1 60. Rxf7+ Kg8 61. Rg7+ Kf8 62. Kg5 h6+ 63. Kxh6 Ke8 64. Rge7+ Kf8 65. Rh7 Ke8 66. Rdg7 Rxf4 67. Rh8+ Rf8 68. Rxf8+ Kxf8 69. e6 Bf5 70. e7+ Ke8 71. Kg5 Be6 72. Kf6 Bd7 73. Rg8# 1-0

[Event "Hastings Challengers 1995/96"]
[Site "Hastings"]
[Date "1996.01.02"]
[Round "6"]
[White "Grinfeld, Alla B"]
[Black "Costello, Colin A"]
[Result "1-0"]
[WhiteElo "2280"]
[BlackElo "2115"]
[PlyCount "74"]
[EventDate "1995.12.28"]
[EventType "swiss"]
[EventRounds "11"]
[EventCountry "ENG"]
[SourceTitle "BritBase"]
[Source "John Saunders"]
[SourceDate "2025.01.31"]
[SourceVersion "1"]
[SourceVersionDate "2025.01.31"]
[SourceQuality "1"]

1. e4 e6 2. d4 d5 3. Nd2 c5 4. exd5 exd5 5. Bb5+ Nc6 6. Ne2 Bd6 7. dxc5 Bxc5 8. Nb3 Bb6 9. a4 a6 10. Bxc6+ bxc6 11. Qd3 Ne7 12. Be3 Bf5 13. Qc3 Bxe3 14. fxe3 O-O 15. Ned4 Re8 16. O-O Bg6 17. a5 Qc8 18. Rae1 Qg4 19. Rf4 Qg5 20. Nf3 Qh5 21. Nc5 d4 22. Qxd4 Rad8 23. Qc4 Nd5 24. Rh4 Qf5 25. e4 Qf6 26. exd5 Rxe1+ 27. Nxe1 Rxd5 28. Ned3 Qe7 29. h3 Bxd3 30. Nxd3 Rxa5 31. Re4 Ra1+ 32. Kh2 Qd6+ 33. g3 h6 34. Re8+ Kh7 35. Qe4+ g6 36. Qe5 Qxe5 37. Rxe5 Rd1 1-0

[Event "Hastings Challengers 1995/96"]
[Site "Hastings"]
[Date "1996.01.02"]
[Round "6"]
[White "Haslinger, Stewart G"]
[Black "Kurr, Gerd"]
[Result "1-0"]
[WhiteElo "2145"]
[BlackElo "2250"]
[PlyCount "111"]
[EventDate "1995.12.28"]
[EventType "swiss"]
[EventRounds "11"]
[EventCountry "ENG"]
[SourceTitle "BritBase"]
[Source "John Saunders"]
[SourceDate "2025.01.31"]
[SourceVersion "1"]
[SourceVersionDate "2025.01.31"]
[SourceQuality "1"]

1. e4 c6 2. d4 d5 3. Nd2 dxe4 4. Nxe4 Nf6 5. Nxf6+ gxf6 6. Nf3 Bf5 7. Bd3 Bg6 8. O-O e6 9. c4 Bd6 10. Be3 Qa5 11. a3 Nd7 12. b4 Qh5 13. Be2 Be4 14. g3 Qh3 15. Re1 h5 16. Bf1 Qg4 17. Nd2 Bf5 18. Qxg4 hxg4 19. Bg2 O-O 20. Nb3 Rab8 21. Na5 Bc7 22. Nxb7 e5 23. Bxc6 exd4 24. Bxd4 Ne5 25. Bxe5 Bxe5 26. Rad1 Rfc8 27. b5 Be6 28. Nc5 Bxc4 29. Nd7 Bxb5 30. Nxb8 Rxb8 31. Rb1 Bxc6 32. Rxb8+ Bxb8 33. Rc1 Be4 34. Rc8+ Kg7 35. Rxb8 a6 36. Kf1 Bd3+ 37. Ke1 f5 38. Kd2 Bb5 39. Rxb5 axb5 40. Kc3 Kf6 41. Kb4 Ke5 42. Kxb5 Ke4 43. a4 Kf3 44. a5 Kxf2 45. a6 Kg2 46. a7 Kxh2 47. a8=Q Kxg3 48. Qh1 f4 49. Qg1+ Kh3 50. Kc4 g3 51. Qf1+ g2 52. Qf3+ Kh2 53. Qxf4+ Kh1 54. Qh4+ Kg1 55. Kd4 Kf1 56. Qf4+ 1-0

[Event "Hastings Challengers 1995/96"]
[Site "Hastings"]
[Date "1996.01.02"]
[Round "6"]
[White "Hebden, Mark L"]
[Black "Arkell, Keith C"]
[Result "1-0"]
[WhiteElo "2570"]
[BlackElo "2505"]
[PlyCount "113"]
[EventDate "1995.12.28"]
[EventType "swiss"]
[EventRounds "11"]
[EventCountry "ENG"]
[SourceTitle "BritBase"]
[Source "John Saunders"]
[SourceDate "2025.01.31"]
[SourceVersion "1"]
[SourceVersionDate "2025.01.31"]
[SourceQuality "1"]

1. e4 e6 2. d4 d5 3. Nc3 dxe4 4. Nxe4 Bd7 5. Nf3 Bc6 6. Bd3 Nd7 7. O-O Ngf6 8. Ng3 Bd6 9. Re1 b6 10. Ne5 Bb7 11. Nf5 O-O 12. Nxd6 cxd6 13. Nxd7 Qxd7 14. Qd2 Qc6 15. Qg5 Qd5 16. Qxd5 Bxd5 17. c4 Bb7 18. b4 Rfd8 19. Bf1 Rac8 20. a4 a5 21. b5 Nd7 22. Bf4 d5 23. Rac1 dxc4 24. Bxc4 Nf6 25. Be5 Ng4 26. Be2 Nxe5 27. dxe5 Bd5 28. Bf3 Rxc1 29. Rxc1 Bb3 30. Rc6 Rb8 31. Rc3 Bxa4 32. Be2 Rd8 33. Rc6 Rb8 34. Rc3 g5 35. f3 Rd8 36. Rc6 Bd1 37. Rd6 Rxd6 38. exd6 Kf8 39. Bxd1 Ke8 40. Kf2 Kd7 41. Ke3 Kxd6 42. Kd4 h6 43. g3 f6 44. Bc2 Ke7 45. h4 gxh4 46. gxh4 Kd7 47. h5 Ke7 48. f4 Kd6 49. Kc4 Ke7 50. Kd3 Kd7 51. Ke4 Kd6 52. Bb3 e5 53. fxe5+ fxe5 54. Kf5 Kc5 55. Kxe5 Kxb5 56. Kf6 a4 57. Bf7 1-0

[Event "Hastings Challengers 1995/96"]
[Site "Hastings"]
[Date "1996.01.02"]
[Round "6"]
[White "Jakubovics, Nicholas S"]
[Black "Lalic, Susan Kathryn"]
[Result "0-1"]
[WhiteElo "2220"]
[BlackElo "2315"]
[PlyCount "72"]
[EventDate "1995.12.28"]
[EventType "swiss"]
[EventRounds "11"]
[EventCountry "ENG"]
[SourceTitle "BritBase"]
[Source "John Saunders"]
[SourceDate "2025.01.31"]
[SourceVersion "1"]
[SourceVersionDate "2025.01.31"]
[SourceQuality "1"]

1. e4 c6 2. d4 d5 3. Nd2 dxe4 4. Nxe4 Nf6 5. Nxf6+ gxf6 6. c3 Nd7 7. Bd3 Nb6 8. Qf3 Be6 9. Bf5 Bxf5 10. Qxf5 Qd5 11. Qxd5 cxd5 12. Nf3 e6 13. Bf4 Rg8 14. O-O O-O-O 15. Ne1 Bd6 16. Bxd6 Rxd6 17. Nd3 Rdd8 18. f4 f5 19. Ne5 Rg7 20. Rf2 Kb8 21. Rd1 Nc8 22. b3 Nd6 23. c4 f6 24. Nf3 dxc4 25. bxc4 Nxc4 26. Re2 Re7 27. Rde1 Rde8 28. g3 Nb6 29. Nh4 Nd5 30. Nf3 Kc8 31. Nd2 Kd7 32. Nb3 b6 33. Kf1 Rc8 34. Rd2 Kd6 35. Rde2 Rc4 36. Rd2 a5 0-1

[Event "Hastings Challengers 1995/96"]
[Site "Hastings"]
[Date "1996.01.02"]
[Round "6"]
[White "Larsen, Steen Skovlund"]
[Black "Brustkern, Juergen"]
[Result "1/2-1/2"]
[WhiteElo "2340"]
[BlackElo "2215"]
[PlyCount "137"]
[EventDate "1995.12.28"]
[EventType "swiss"]
[EventRounds "11"]
[EventCountry "ENG"]
[SourceTitle "BritBase"]
[Source "John Saunders"]
[SourceDate "2025.01.31"]
[SourceVersion "1"]
[SourceVersionDate "2025.01.31"]
[SourceQuality "1"]

1. d4 Nf6 2. c4 e6 3. Nf3 c5 4. d5 exd5 5. cxd5 d6 6. Nc3 g6 7. e4 a6 8. a4 Bg7 9. Bf4 O-O 10. Nd2 Qe7 11. Be2 Nbd7 12. O-O Ne8 13. Ra3 Ne5 14. a5 Nc7 15. Rb3 Rb8 16. Bg3 f5 17. f4 Nf7 18. exf5 Bxf5 19. Re1 Qd7 20. Nc4 Bd4+ 21. Bf2 Bxf2+ 22. Kxf2 Qd8 23. g3 Qf6 24. Bf3 h5 25. Ne4 Bxe4 26. Rxe4 Nb5 27. Rbe3 Nc7 28. Re6 Nxe6 29. dxe6 Nh6 30. e7 Rfe8 31. Qxd6 Qxd6 32. Nxd6 Nf5 33. Nxe8 Rxe8 34. Bd5+ Kg7 35. Rb3 Rxe7 36. Rxb7 Kf6 37. Rb6+ Kg7 38. Rxa6 Rd7 39. Be6 Rd2+ 40. Ke1 Rxb2 41. Bxf5 gxf5 42. Rc6 Rxh2 43. Rxc5 h4 44. gxh4 Rxh4 45. Rc4 Rh1+ 46. Kf2 Ra1 47. Rc5 Kg6 48. Rb5 Ra3 49. Ke2 Ra4 50. Ke3 Re4+ 51. Kf3 Ra4 52. Rd5 Ra3+ 53. Ke2 Kh5 54. Rxf5+ Kg4 55. Rc5 Kxf4 56. Kd2 Ke4 57. Kc2 Kd4 58. Rh5 Kc4 59. Kb2 Rb3+ 60. Ka2 Rb8 61. Ka3 Ra8 62. Ka4 Ra7 63. Rh1 Kc5 64. Rc1+ Kd6 65. Rc8 Kd7 66. Rc3 Rc7 67. Rb3 Rc1 68. a6 Kc6 69. a7 1/2-1/2

[Event "Hastings Challengers 1995/96"]
[Site "Hastings"]
[Date "1996.01.02"]
[Round "6"]
[White "Ledger, Andrew J"]
[Black "Jaksland, Tim"]
[Result "1-0"]
[WhiteElo "2410"]
[BlackElo "2240"]
[PlyCount "65"]
[EventDate "1995.12.28"]
[EventType "swiss"]
[EventRounds "11"]
[EventCountry "ENG"]
[SourceTitle "BritBase"]
[Source "John Saunders"]
[SourceDate "2025.01.31"]
[SourceVersion "1"]
[SourceVersionDate "2025.01.31"]
[SourceQuality "1"]

1. e4 c5 2. Nc3 Nc6 3. g3 g6 4. d3 Bg7 5. Be3 d6 6. Qd2 e6 7. Bg2 b6 8. Nge2 h6 9. O-O Nge7 10. d4 Ba6 11. Rfd1 Qc7 12. a4 O-O-O 13. Nb5 Bxb5 14. axb5 Na5 15. b4 Nc4 16. Qc3 Nxe3 17. fxe3 Kb8 18. bxc5 dxc5 19. Rf1 Rhf8 20. e5 Rd7 21. Qd3 c4 22. Qe4 Nd5 23. Nc3 Qd8 24. Ra4 Qg5 25. Rf4 Rc8 26. Nxd5 exd5 27. Qf3 Rcc7 28. e4 dxe4 29. Qxe4 Rb7 30. Rxc4 Qe7 31. h3 Qe6 32. Qc6 Rbc7 33. Qa8# 1-0

[Event "Hastings Challengers 1995/96"]
[Site "Hastings"]
[Date "1996.01.02"]
[Round "6"]
[White "Ledger, David J"]
[Black "Tagnon, Nicole"]
[Result "1-0"]
[WhiteElo "2305"]
[BlackElo "2105"]
[PlyCount "61"]
[EventDate "1995.12.28"]
[EventType "swiss"]
[EventRounds "11"]
[EventCountry "ENG"]
[SourceTitle "BritBase"]
[Source "John Saunders"]
[SourceDate "2025.01.31"]
[SourceVersion "1"]
[SourceVersionDate "2025.01.31"]
[SourceQuality "1"]

1. d4 Nf6 2. c4 e6 3. Nc3 c5 4. d5 exd5 5. cxd5 d6 6. e4 g6 7. h3 Bg7 8. Nf3 O-O 9. Bd3 a6 10. a4 Re8 11. O-O Nbd7 12. Re1 Qc7 13. Qc2 Rb8 14. Bf4 Nh5 15. Bh2 c4 16. Bf1 b5 17. axb5 axb5 18. Rad1 Ne5 19. Nd4 Bd7 20. g4 Nd3 21. Bxd3 cxd3 22. Qxd3 Nf6 23. Ndxb5 Qb6 24. Nxd6 Bxg4 25. Nxe8 Rxe8 26. hxg4 Nxg4 27. Bg3 Qxb2 28. Nb5 Rb8 29. d6 Bf6 30. Rb1 Qa2 31. Nc3 1-0

[Event "Hastings Challengers 1995/96"]
[Site "Hastings"]
[Date "1996.01.02"]
[Round "6"]
[White "Lyell, Mark"]
[Black "Pert, Nicholas"]
[Result "1-0"]
[WhiteElo "2265"]
[BlackElo "2160"]
[PlyCount "87"]
[EventDate "1995.12.28"]
[EventType "swiss"]
[EventRounds "11"]
[EventCountry "ENG"]
[SourceTitle "BritBase"]
[Source "John Saunders"]
[SourceDate "2025.01.31"]
[SourceVersion "1"]
[SourceVersionDate "2025.01.31"]
[SourceQuality "1"]

1. e4 e6 2. d4 d5 3. e5 c5 4. c3 Nc6 5. Nf3 Bd7 6. Be2 f6 7. O-O fxe5 8. Nxe5 Nxe5 9. dxe5 Qc7 10. c4 O-O-O 11. Bf4 d4 12. Re1 Ne7 13. Bd3 h6 14. Nd2 g5 15. Bg3 Bg7 16. a3 Rdf8 17. b4 h5 18. h3 Nf5 19. Bxf5 Rxf5 20. Ne4 Bc6 21. Nd6+ Kb8 22. b5 Be8 23. b6 axb6 24. Rb1 Bc6 25. Re2 h4 26. Bh2 g4 27. hxg4 Rg5 28. f4 Rxg4 29. Reb2 Rg6 30. Nb5 Qd8 31. Qa4 h3 32. Qa7+ Kc8 33. Nd6+ Qxd6 34. exd6 d3 35. g3 Bd4+ 36. Rf2 Kd7 37. Qxb6 Kxd6 38. Kf1 Bxf2 39. Kxf2 e5 40. Rd1 e4 41. Ke3 Rg4 42. Qb2 Rhg8 43. Qe5+ Kd7 44. f5 1-0

[Event "Hastings Challengers 1995/96"]
[Site "Hastings"]
[Date "1996.01.02"]
[Round "6"]
[White "Plaskett, H James"]
[Black "Howell, Christopher I"]
[Result "1/2-1/2"]
[WhiteElo "2465"]
[BlackElo "2080"]
[PlyCount "53"]
[EventDate "1995.12.28"]
[EventType "swiss"]
[EventRounds "11"]
[EventCountry "ENG"]
[SourceTitle "BritBase"]
[Source "John Saunders"]
[SourceDate "2025.01.31"]
[SourceVersion "1"]
[SourceVersionDate "2025.01.31"]
[SourceQuality "1"]

1. e4 c5 2. Nf3 Nc6 3. Bb5 g6 4. O-O Bg7 5. Re1 Nd4 6. Nxd4 cxd4 7. c3 Qb6 8. Na3 a6 9. Bf1 d6 10. Nc2 dxc3 11. bxc3 Nf6 12. d4 O-O 13. Bg5 Qa5 14. Qd2 Bd7 15. Nb4 e6 16. Rac1 Rac8 17. e5 dxe5 18. dxe5 Nd5 19. Re4 Bc6 20. Nxc6 Rxc6 21. c4 Qxd2 22. Bxd2 Nb6 23. Rb1 Nd7 24. f4 Rfc8 25. Be3 R8c7 26. Rd4 Bf8 27. Kf2 1/2-1/2